Zavedenie metód štíhlej výroby v podniku VACUUMSCHMELZE, s. r. o.

Gespeichert in:
Bibliographische Detailangaben
1. Verfasser: Kováčová, Terézia (Verfasst von)
Weitere Verfasser: Pauliková, Alena (Betreuung Doktorarbeit)
Format: Manuskript Buch
Sprache:Slowakisch
Veröffentlicht: 2023
Schlagworte:
Online-Zugang:http://is.stuba.sk/zp/portal_zp.pl?podrobnosti=170989
Tags: Tag hinzufügen
Keine Tags, Fügen Sie das erste Tag hinzu!

MARC

LEADER 00000ntm a22000003a 4500
001 stuzp94929
003 SK-STU
005 20230909223600.1
007 ta
008 150427s2015----xo-----f-mn---000-0-slo-d
040 |a STU  |b slo 
041 0 |a slo 
100 1 |a Kováčová, Terézia  |u 064000  |4 aut  |U MTF Materiálovotechnologická fakulta  |T MTF Ústav priemyselného inžinierstva a manažmentu  |X 97130  |U M4000  |Y 84  |7 97130 
242 0 1 |a Introduction of Lean production methods in VACUUMSCHMELZE, Ltd.  |y eng 
245 1 0 |a Zavedenie metód štíhlej výroby v podniku VACUUMSCHMELZE, s. r. o. 
260 |c 2023 
650 4 |a implementácia  |2 slo 
650 4 |a štíhla výroba  |2 slo 
650 4 |a štíhle pracovisko  |2 slo 
650 4 |a metóda 5S  |2 slo 
650 4 |a kaizen  |2 slo 
650 4 |a lean production  |2 eng 
650 4 |a method 5S  |2 eng 
650 4 |a implementation  |2 eng 
650 4 |a lean workplace  |2 eng 
650 4 |a kaizen  |2 eng 
700 1 |a Pauliková, Alena  |u 064000  |k Z1  |4 ths  |U MTF Materiálovotechnologická fakulta  |T MTF Ústav priemyselného inžinierstva a manažmentu  |X 77968  |U M4000  |Y 84  |7 77968 
856 4 |u http://is.stuba.sk/zp/portal_zp.pl?podrobnosti=170989 
996 |c M* DP-15160  |l MMSKP  |s P  |a 0  |w stuzp94929_0001